Hoàn thiện pháp luật về sỡ hữu chéo tại các Ngân hàng thương mại Việt Nam : Luận văn Thạc sỹ Luật học. Chuyên ngành Luật Kinh tế
Gồm 2 chương. Chương 1 : Lý luận chung về sỡ hữu chéo tại các Ngân hàng thương mại Việt Nam, Chương 2: Thực trang pháp luật về sỡ hứu chéo tại Ngân hàng thương mai Việt Nam và hướng hoàn thiện.
Đã lưu trong:
| Tác giả chính: | |
|---|---|
| Định dạng: | Sách |
| Ngôn ngữ: | Undetermined |
| Được phát hành: |
Cần Thơ
Trường Đại Học Cần Thơ
2015
|
| Những chủ đề: | |
| Các nhãn: |
Thêm thẻ
Không có thẻ, Là người đầu tiên thẻ bản ghi này!
|
| Thư viện lưu trữ: | Trung tâm Học liệu Trường Đại học Cần Thơ |
|---|
| LEADER | 01179nam a2200229Ia 4500 | ||
|---|---|---|---|
| 001 | CTU_198583 | ||
| 008 | 210402s9999 xx 000 0 und d | ||
| 082 | |a 346.597082 | ||
| 082 | |b Tr106 | ||
| 088 | |a 603850 | ||
| 100 | |a Trần, Thùy Trang | ||
| 245 | 0 | |a Hoàn thiện pháp luật về sỡ hữu chéo tại các Ngân hàng thương mại Việt Nam : | |
| 245 | 0 | |b Luận văn Thạc sỹ Luật học. Chuyên ngành Luật Kinh tế | |
| 245 | 0 | |c Trần Thùy Trang ; Lê Vũ Nam (Người hướng dẫn ) | |
| 260 | |a Cần Thơ | ||
| 260 | |b Trường Đại Học Cần Thơ | ||
| 260 | |c 2015 | ||
| 520 | |a Gồm 2 chương. Chương 1 : Lý luận chung về sỡ hữu chéo tại các Ngân hàng thương mại Việt Nam, Chương 2: Thực trang pháp luật về sỡ hứu chéo tại Ngân hàng thương mai Việt Nam và hướng hoàn thiện. | ||
| 650 | |a Luật ngân hàng,Banking law | ||
| 650 | |z Việt Nam,Vietnam | ||
| 904 | |i Nguyễn Hoàng Lộc, Hải | ||
| 980 | |a Trung tâm Học liệu Trường Đại học Cần Thơ | ||